Greek to Roman Gods Quiz Stats

 Plays Quiz Updated Nov 24, 2018

     
Support Sporcle.
Go Orange.
Score 0/16 Timer 04:00
17 Plays Today
Greek God/Goddess Roman God/Goddess % Correct
ZeusJupiter
93.1%
PoseidonNeptune
87.6%
AresMars
82.9%
AphroditeVenus
80.2%
HadesPluto
71%
HermesMercury
64%
HeraJuno
62.3%
ArtemisDiana
53.2%
Greek God/Goddess Roman God/Goddess % Correct
ApolloApollo
53.1%
HephaestusVulcan
51.4%
DionysusBacchus
49.7%
AthenaMinerva
45%
DemeterCeres
35.1%
HestiaVesta
32.8%
NikeVictoria
23.1%
PersephoneProserpina
16.2%

From the Vault

Spielberg: Close-Up

by Hejman

Movies 4m
This quiz is a little near-sighted.
Remove Ads.
Support Sporcle.
Get the best of Sporcle when you Go Orange. This ad-free experience offers more features, more stats, and more fun while also helping to support Sporcle. Thank you for becoming a member.

Show Comments

Extras

Top Quizzes Today


Score Distribution

Your Account Isn't Verified!

In order to create a playlist on Sporcle, you need to verify the email address you used during registration. Go to your Sporcle Settings to finish the process.

Report this User

Report this user for behavior that violates our Community Guidelines.

Details: